| 000 | 00729caa a22001572a 4500 | ||
|---|---|---|---|
| 001 | 009026 | ||
| 003 | AR-FADEU | ||
| 008 | 311216n########xxu####################dd | ||
| 092 |
_a321.8 _bR425 |
||
| 100 | _aUrcuyo, Constantino | ||
| 245 | _aReivindicando la política en medio del malestar ciudadano. Un análisis de los déficit democráticos : el caso costarricense | ||
| 300 | _aPP. 187-246 | ||
| 500 | _aEn: Representación política y democracia /comp. Carlota Jackisch. Buenos Aires : Ciedla. Centro Interdisciplinario de Estudios Sobre el Desarrollo Latinoamericano, 1998 | ||
| 942 | _cBDGR | ||
| 773 | 0 |
_014818 _913898 _a _b _dBuenos Aires _o14264 _tREPRESENTACION política y democracia _w( AR-FADEU) 009018 _x _z950-9431-72-9 |
|
| 999 |
_c14826 _d14826 |
||